| 000 | 00712nam a2200205 i 4500 | ||
|---|---|---|---|
| 001 | 19789 | ||
| 003 | ES-MaACL | ||
| 005 | 20230906152151.0 | ||
| 007 | t| | ||
| 008 | 021015s1920 sp ||||1| spa d | ||
| 100 | 1 |
_aÁlvarez Quintero, Serafín, _d1871-1938 _9226443 |
|
| 245 | 1 | 0 |
_aLa del dos de mayo _b: sainete / _cSerafín y Joaquín Alvarez Quintero ; con música de Tomás Barrera. |
| 260 |
_aMadrid : _b[s.n.], _c1920 ( _fImp. Clásica Española) |
||
| 300 |
_a50 p. ; _c19 cm. |
||
| 500 | _aSolo la letra. | ||
| 700 | 1 |
_aÁlvarez Quintero, Joaquín, _d1873-1944 _920922 |
|
| 700 | 1 |
_aBarrera, Tomás. _925924 |
|
| 852 |
_aES-MaACL _jF-8657(4) _q. - Encuadernado con otras obras |
||
| 999 |
_c19789 _d19789 |
||